000 00456nam a2200169Ia 4500
003 OSt
005 20260303110433.0
008 211028s2003 xx 000 0 und d
040 _cAIMIT LIBRARY
041 _aeng
100 _aMasood, Tamanna;D Souza, Rio.
_g92185
_92270
110 _aD Souza, Rio.
_92271
245 _aTelemetry multiplexing software /
260 _aHassan
_c2003
710 _aINSAT Master Control Facility
_92272
942 _2ddc
_cPRO
999 _c216841
_d216841